| 000 | 00430nam a2200169Ia 4500 | ||
|---|---|---|---|
| 008 | 230711s9999||||xx |||||||||||||| ||und|| | ||
| 020 | _a978-81-852372-9-6 | ||
| 041 | _aENG | ||
| 082 |
_a635 _bKM-H |
||
| 100 | _akumar, N. | ||
| 245 | 0 | _aIntroduction to Horticulture | |
| 250 | _a9TH Ed. | ||
| 260 |
_c2022 _aNew Delhi _bMedtech A Division of Scientific International |
||
| 300 | _a418p. | ||
| 650 | _aAgriculture | ||
| 942 | _cBK | ||
| 999 |
_c7637 _d7637 |
||